Stepping through time footwear in ancient Egypt
Saved in:
Main Author:
Format: Book
Language: Undetermined
Published:
Zandvoort
Blkvld
2016
Tags: Add Tag
No Tags, Be the first to tag this record!
Call Number:
| LEADER | 00349nam a2200121Ia 4500 | ||
|---|---|---|---|
| 008 | 240503s9999||||xx |||||||||||||| ||und|| | ||
| 020 | |a 9789080774452 | ||
| 100 | 1 | |a André J. Veldmeijer | |
| 245 | 1 | 0 | |a Stepping through time footwear in ancient Egypt |
| 264 | 1 | |a Zandvoort |b Blkvld |c 2016 | |
| 300 | |a 88 |b Seiten Illustrationen |c 30 | ||
| 942 | |2 lcc |c BK | ||
| 999 | |c 58364 |d 58364 | ||
